[Event "Bundesliga 0102"]
[Site "Deutschland"]
[Date "2002.04.27"]
[Round "14.5"]
[White "Breder, Dennis"]
[Black "Nataf, Igor Alexandre"]
[Result "1/2-1/2"]
[WhiteElo "2411"]
[BlackElo "2527"]
[PlyCount "33"]
[EventDate "2001.10.06"]
[EventType "team"]
[EventRounds "15"]
[EventCountry "GER"]
[SourceTitle "Bundesliga 0102"]
[Source "DeepChess"]
[SourceDate "2005.01.01"]
[SourceVersion "1"]
[SourceVersionDate "2005.01.01"]
[SourceQuality "1"]
[WhiteTeam "Godesberger SK 1929"]
[BlackTeam "TV Tegernsee"]
[WhiteTeamCountry "GER"]
[BlackTeamCountry "GER"]

1. e4 c5 2. Nf3 Nc6 3. Bb5 e6 4. Bxc6 bxc6 5. d3 Ne7 6. Qe2 f6 7. Nh4 g6 8. f4
Bg7 9. O-O O-O 10. Nf3 Rb8 11. c4 e5 12. fxe5 fxe5 13. Qf2 d6 14. Qh4 Kh8 15.
Bg5 Rb7 16. Nc3 Qe8 17. Rf2 1/2-1/2

[Event "Bundesliga 0102"]
[Site "Deutschland"]
[Date "2002.04.27"]
[Round "14.6"]
[White "Teske, Henrik"]
[Black "Jackelen, Thomas"]
[Result "1-0"]
[WhiteElo "2486"]
[BlackElo "2392"]
[PlyCount "55"]
[EventDate "2001.10.06"]
[EventType "team"]
[EventRounds "15"]
[EventCountry "GER"]
[SourceTitle "Bundesliga 0102"]
[Source "DeepChess"]
[SourceDate "2005.01.01"]
[SourceVersion "1"]
[SourceVersionDate "2005.01.01"]
[SourceQuality "1"]
[WhiteTeam "TV Tegernsee"]
[BlackTeam "Godesberger SK 1929"]
[WhiteTeamCountry "GER"]
[BlackTeamCountry "GER"]

1. Nf3 Nf6 2. c4 c6 3. Nc3 d5 4. d4 a6 5. b3 Bf5 6. Nh4 Be4 7. f3 Bg6 8. Bb2 e6
9. Qd2 Bb4 10. Nxg6 hxg6 11. O-O-O Nbd7 12. g4 Qa5 13. e3 dxc4 14. bxc4 c5 15.
d5 exd5 16. cxd5 O-O 17. e4 Ne5 18. Qe3 Nfd7 19. h4 c4 20. d6 Nd3+ 21. Bxd3
cxd3 22. Rxd3 Nb6 23. h5 Nc4 24. Qd4 Ne5 25. Nd5 Nxd3+ 26. Kb1 f6 27. hxg6 Rfe8
28. Nxf6+ 1-0

[Event "Bundesliga 0102"]
[Site "Deutschland"]
[Date "2002.04.27"]
[Round "14.7"]
[White "Seger, Ruediger"]
[Black "Stangl, Markus"]
[Result "1/2-1/2"]
[WhiteElo "2400"]
[BlackElo "2457"]
[PlyCount "74"]
[EventDate "2001.10.06"]
[EventType "team"]
[EventRounds "15"]
[EventCountry "GER"]
[SourceTitle "Bundesliga 0102"]
[Source "DeepChess"]
[SourceDate "2005.01.01"]
[SourceVersion "1"]
[SourceVersionDate "2005.01.01"]
[SourceQuality "1"]
[WhiteTeam "Godesberger SK 1929"]
[BlackTeam "TV Tegernsee"]
[WhiteTeamCountry "GER"]
[BlackTeamCountry "GER"]

1. e4 c5 2. c3 e6 3. d4 d5 4. exd5 exd5 5. Be3 c4 6. b3 cxb3 7. axb3 Bf5 8. Bd3
Bxd3 9. Qxd3 Nc6 10. Ne2 Bd6 11. Nd2 Nge7 12. O-O O-O 13. Bf4 Re8 14. Rfe1 Bxf4
15. Nxf4 Qd6 16. g3 Ng6 17. Ng2 a6 18. h4 Rac8 19. Nf3 Nf8 20. Nf4 h6 21. c4
Nb4 22. Qc3 Rxe1+ 23. Rxe1 b6 24. Ne5 a5 25. Ned3 dxc4 26. bxc4 Rd8 27. Nxb4
axb4 28. Qb3 Qxd4 29. Qxb4 Rc8 30. Rc1 Nd7 31. Nd5 Rc5 32. Ne3 Qe4 33. Qb1 Qxb1
34. Rxb1 Rc6 35. Kf1 Ne5 36. Rb5 Nxc4 37. Nxc4 Rxc4 1/2-1/2

[Event "Bundesliga 0102"]
[Site "Deutschland"]
[Date "2002.04.27"]
[Round "14.8"]
[White "Gross, David2"]
[Black "Schmidt, Bodo"]
[Result "0-1"]
[WhiteElo "2463"]
[BlackElo "2360"]
[PlyCount "44"]
[EventDate "2001.10.06"]
[EventType "team"]
[EventRounds "15"]
[EventCountry "GER"]
[SourceTitle "Bundesliga 0102"]
[Source "DeepChess"]
[SourceDate "2005.01.01"]
[SourceVersion "1"]
[SourceVersionDate "2005.01.01"]
[SourceQuality "1"]
[WhiteTeam "TV Tegernsee"]
[BlackTeam "Godesberger SK 1929"]
[WhiteTeamCountry "GER"]
[BlackTeamCountry "GER"]

1. e4 e6 2. d4 d5 3. Nc3 Bb4 4. e5 c5 5. a3 Bxc3+ 6. bxc3 Qc7 7. Qg4 f5 8. Qg3
cxd4 9. cxd4 Ne7 10. Bd2 O-O 11. Bd3 b6 12. Ne2 Ba6 13. Nf4 Qd7 14. Bxa6 Nxa6
15. h4 Kh8 16. h5 Rf7 17. Qd3 Nb8 18. a4 Nbc6 19. a5 bxa5 20. Bxa5 Rb8 21. h6
g5 22. Nh3 Nxa5 0-1

[Event "Bundesliga 0102"]
[Site "Deutschland"]
[Date "2002.04.27"]
[Round "14.2"]
[White "Epishin, Vladimir"]
[Black "Berndt, Stephan"]
[Result "1-0"]
[WhiteElo "2583"]
[BlackElo "2479"]
[PlyCount "68"]
[EventDate "2001.10.06"]
[EventType "team"]
[EventRounds "15"]
[EventCountry "GER"]
[SourceTitle "Bundesliga 0102"]
[Source "DeepChess"]
[SourceDate "2005.01.01"]
[SourceVersion "1"]
[SourceVersionDate "2005.01.01"]
[SourceQuality "1"]
[WhiteTeam "Luebecker SV von 1873 "]
[BlackTeam "SF Neukoelln 03 e.V."]
[WhiteTeamCountry "GER"]
[BlackTeamCountry "GER"]

1. d4 Nf6 2. c4 g6 3. Nc3 d5 4. Nf3 Bg7 5. Qb3 dxc4 6. Qxc4 O-O 7. e4 Na6 8.
Be2 c5 9. d5 e6 10. O-O exd5 11. exd5 Bf5 12. Be3 Qb6 13. b3 Rfe8 14. Rad1 Rad8
15. h3 h6 16. Bd3 Bxd3 17. Rxd3 Nd7 18. d6 Qc6 19. Nd5 Qxd6 20. Rfd1 Nb6 21.
Nxb6 Qxb6 22. Rd7 Rf8 23. Qe4 Nb4 24. Qe7 Nc6 25. Qxc5 Rxd7 26. Rxd7 Qxc5 27.
Bxc5 Rb8 28. Be3 g5 29. g4 Kf8 30. h4 Ke8 31. Rd5 f6 32. Kg2 Rd8 33. Rxd8+ Kxd8
34. Nd4 Ne5 1-0

[Event "Bundesliga 0102"]
[Site "Deutschland"]
[Date "2002.04.27"]
[Round "14.3"]
[White "Brynell, Stellan"]
[Black "Hodgson, Julian M"]
[Result "1/2-1/2"]
[WhiteElo "2486"]
[BlackElo "2581"]
[PlyCount "72"]
[EventDate "2001.10.06"]
[EventType "team"]
[EventRounds "15"]
[EventCountry "GER"]
[SourceTitle "Bundesliga 0102"]
[Source "DeepChess"]
[SourceDate "2005.01.01"]
[SourceVersion "1"]
[SourceVersionDate "2005.01.01"]
[SourceQuality "1"]
[WhiteTeam "SF Neukoelln 03 e.V."]
[BlackTeam "Luebecker SV von 1873 "]
[WhiteTeamCountry "GER"]
[BlackTeamCountry "GER"]

1. e4 d5 2. exd5 Qxd5 3. Nc3 Qa5 4. d4 Nf6 5. Nf3 c6 6. Bc4 Bf5 7. Bd2 e6 8.
Qe2 Bb4 9. O-O-O Nbd7 10. a3 Bxc3 11. Bxc3 Qc7 12. Ne5 b5 13. Bd3 O-O 14. Bxf5
exf5 15. Qf3 Nd5 16. Qxf5 Nxc3 17. Nxd7 Nxd1 18. Nxf8 Rxf8 19. Rxd1 Qxh2 20.
Qe4 Qh6+ 21. f4 Qg6 22. Re1 Qg3 23. Re3 Qf2 24. b3 h6 25. Rc3 f5 26. Qe6+ Kh7
27. g3 Qxd4 28. Qxc6 a5 29. Qc5 Qf6 30. Kb1 a4 31. b4 Rd8 32. Rd3 Rxd3 33. cxd3
Qe6 34. Kc1 Qe1+ 35. Kc2 Qe2+ 36. Kc3 Qe1+ 1/2-1/2

[Event "Bundesliga 0102"]
[Site "Deutschland"]
[Date "2002.04.27"]
[Round "14.5"]
[White "Polzin, Rainer"]
[Black "Hansen, Lars Bo"]
[Result "1-0"]
[WhiteElo "2469"]
[BlackElo "2586"]
[PlyCount "59"]
[EventDate "2001.10.06"]
[EventType "team"]
[EventRounds "15"]
[EventCountry "GER"]
[SourceTitle "Bundesliga 0102"]
[Source "DeepChess"]
[SourceDate "2005.01.01"]
[SourceVersion "1"]
[SourceVersionDate "2005.01.01"]
[SourceQuality "1"]
[WhiteTeam "SF Neukoelln 03 e.V."]
[BlackTeam "Luebecker SV von 1873 "]
[WhiteTeamCountry "GER"]
[BlackTeamCountry "GER"]

1. e4 c6 2. d4 d5 3. e5 c5 4. dxc5 e6 5. Nf3 Nd7 6. c4 Ne7 7. Nc3 dxc4 8. Bxc4
Nc6 9. O-O Bxc5 10. Qe2 Be7 11. Bf4 a6 12. a3 Qc7 13. Rac1 O-O 14. Bd3 Rd8 15.
h4 Nf8 16. h5 Bd7 17. Qe3 Qb8 18. h6 Qa7 19. hxg7 Ng6 20. Qe4 f5 21. exf6 Bxf6
22. Be3 Qb8 23. Qg4 Kxg7 24. Qh5 Be8 25. Bb1 Bf7 26. Ne4 Bxb2 27. Qh6+ Kg8 28.
Neg5 Bg7 29. Qxh7+ Kf8 30. Bxg6 1-0

[Event "Bundesliga 0102"]
[Site "Deutschland"]
[Date "2002.04.27"]
[Round "14.6"]
[White "Conquest, Stuart"]
[Black "Poldauf, Dirk"]
[Result "1-0"]
[WhiteElo "2565"]
[BlackElo "2403"]
[PlyCount "79"]
[EventDate "2001.10.06"]
[EventType "team"]
[EventRounds "15"]
[EventCountry "GER"]
[SourceTitle "Bundesliga 0102"]
[Source "DeepChess"]
[SourceDate "2005.01.01"]
[SourceVersion "1"]
[SourceVersionDate "2005.01.01"]
[SourceQuality "1"]
[WhiteTeam "Luebecker SV von 1873 "]
[BlackTeam "SF Neukoelln 03 e.V."]
[WhiteTeamCountry "GER"]
[BlackTeamCountry "GER"]

1. d4 Nf6 2. c4 g6 3. Nc3 Bg7 4. e4 d6 5. h3 O-O 6. Bg5 h6 7. Be3 e5 8. d5 a5
9. Bd3 Na6 10. Nge2 c6 11. a3 Bd7 12. Rb1 cxd5 13. cxd5 Nc5 14. Bc2 a4 15. O-O
b5 16. Qd2 Kh7 17. f4 exf4 18. Rxf4 Qe7 19. Rbf1 Rab8 20. e5 dxe5 21. d6 Qe6
22. Rh4 Nb3 23. Bxb3 axb3 24. Bxh6 Rh8 25. Ng3 Nh5 26. Bxg7 Kxg7 27. Nxh5+ Rxh5
28. Rxh5 gxh5 29. Qg5+ Qg6 30. Qxe5+ f6 31. Qe7+ Qf7 32. Qxf7+ Kxf7 33. Ne4 f5
34. Nc5 Be6 35. Re1 Bc4 36. Re7+ Kg6 37. d7 Bf7 38. Nb7 Kf6 39. Re3 f4 40. Re1
1-0

[Event "Bundesliga 0102"]
[Site "Deutschland"]
[Date "2002.04.27"]
[Round "14.7"]
[White "Thiede, Lars"]
[Black "Hector, Jonny"]
[Result "0-1"]
[WhiteElo "2410"]
[BlackElo "2552"]
[PlyCount "88"]
[EventDate "2001.10.06"]
[EventType "team"]
[EventRounds "15"]
[EventCountry "GER"]
[SourceTitle "Bundesliga 0102"]
[Source "DeepChess"]
[SourceDate "2005.01.01"]
[SourceVersion "1"]
[SourceVersionDate "2005.01.01"]
[SourceQuality "1"]
[WhiteTeam "SF Neukoelln 03 e.V."]
[BlackTeam "Luebecker SV von 1873 "]
[WhiteTeamCountry "GER"]
[BlackTeamCountry "GER"]

1. c4 Nf6 2. Nf3 c6 3. g3 d5 4. Bg2 Bf5 5. cxd5 cxd5 6. Qb3 Bc8 7. O-O Nc6 8.
d3 e6 9. Nc3 Be7 10. e4 d4 11. Ne2 e5 12. h3 Nd7 13. Ne1 O-O 14. Bd2 Nc5 15.
Qd1 a5 16. f4 f6 17. f5 Qb6 18. Rb1 Bd7 19. g4 Nb4 20. Nc1 Rfc8 21. h4 Qd8 22.
Rf3 Be8 23. Rg3 b5 24. g5 Ra7 25. a3 Nc6 26. Nf3 a4 27. Nh2 Na5 28. Ng4 fxg5
29. hxg5 Bxg5 30. f6 Bxf6 31. Nxf6+ Qxf6 32. Na2 Nc6 33. Nb4 Nxb4 34. Bxb4 Ne6
35. Bh3 Rac7 36. Bf5 Bg6 37. Bh3 Rc2 38. Bd2 R8c7 39. Bxe6+ Qxe6 40. Bb4 Qf6
41. Qf1 Rf7 42. Rg2 Qc6 43. Qd1 Rxg2+ 44. Kxg2 Bh5 0-1

[Event "Bundesliga 0102"]
[Site "Deutschland"]
[Date "2002.04.27"]
[Round "14.8"]
[White "Agdestein, Simen"]
[Black "Rudolf, Henrik"]
[Result "1/2-1/2"]
[WhiteElo "2572"]
[BlackElo "2328"]
[PlyCount "105"]
[EventDate "2001.10.06"]
[EventType "team"]
[EventRounds "15"]
[EventCountry "GER"]
[SourceTitle "Bundesliga 0102"]
[Source "DeepChess"]
[SourceDate "2005.01.01"]
[SourceVersion "1"]
[SourceVersionDate "2005.01.01"]
[SourceQuality "1"]
[WhiteTeam "Luebecker SV von 1873 "]
[BlackTeam "SF Neukoelln 03 e.V."]
[WhiteTeamCountry "GER"]
[BlackTeamCountry "GER"]

1. e4 g6 2. d4 Bg7 3. Nc3 d6 4. Be3 a6 5. a4 b6 6. f4 Nd7 7. Nf3 Bb7 8. f5 gxf5
9. exf5 c5 10. d5 b5 11. axb5 Bxc3+ 12. bxc3 axb5 13. Bxb5 Bxd5 14. O-O Ngf6
15. c4 Rxa1 16. Qxa1 Be4 17. Ng5 Bb7 18. Qa7 Qa8 19. Qxa8+ Bxa8 20. Ra1 O-O 21.
Ra7 Ne5 22. Rxe7 h6 23. Nh3 Nfg4 24. Bf4 Be4 25. Nf2 Bxf5 26. Nxg4 Bxg4 27.
Bxe5 dxe5 28. Rxe5 Rc8 29. Re7 Kg7 30. Ra7 Rd8 31. Rc7 Rd2 32. Rxc5 Rxc2 33.
Ba4 Rc1+ 34. Kf2 Be6 35. Bb5 Rc3 36. Ke2 Rc2+ 37. Kf3 Rc3+ 38. Ke4 Rc2 39. Kf3
Rc3+ 40. Ke4 Rc2 41. g3 Rxh2 42. Rc7 Rg2 43. Kf4 Rf2+ 44. Ke3 Rg2 45. Kf3 Rc2
46. c5 Rc3+ 47. Kf4 Kf6 48. Be2 Bd5 49. Bh5 Rc4+ 50. Ke3 Ke5 51. Re7+ Kf6 52.
Rc7 Ke5 53. Re7+ 1/2-1/2

[Event "Bundesliga 0102"]
[Site "Deutschland"]
[Date "2002.04.27"]
[Round "14.1"]
[White "Beliavsky, Alexander G"]
[Black "Babula, Vlastimil"]
[Result "1/2-1/2"]
[WhiteElo "2659"]
[BlackElo "2566"]
[PlyCount "83"]
[EventDate "2001.10.06"]
[EventType "team"]
[EventRounds "15"]
[EventCountry "GER"]
[SourceTitle "Bundesliga 0102"]
[Source "DeepChess"]
[SourceDate "2005.01.01"]
[SourceVersion "1"]
[SourceVersionDate "2005.01.01"]
[SourceQuality "1"]
[WhiteTeam "SK Koenig Plauen"]
[BlackTeam "SAbt SV Werder Bremen"]
[WhiteTeamCountry "GER"]
[BlackTeamCountry "GER"]

1. d4 d5 2. c4 c6 3. Nf3 Nf6 4. Nc3 dxc4 5. a4 Bf5 6. Ne5 Nbd7 7. Nxc4 Nb6 8.
Ne5 e6 9. f3 Nfd7 10. a5 Nxe5 11. axb6 Nd7 12. e4 Bg6 13. Rxa7 Nxb6 14. Rxa8
Qxa8 15. Be2 Bb4 16. O-O O-O 17. Be3 Qa5 18. Qb3 Ra8 19. Rd1 f6 20. Na2 Bf8 21.
Nc1 Bf7 22. d5 Bc5 23. dxe6 Bxe3+ 24. Kf1 Qc5 25. exf7+ Kf8 26. Nd3 Qc4 27.
Qxc4 Nxc4 28. Nf2 Nxb2 29. Rd7 Ra1+ 30. Nd1 b5 31. g3 c5 32. f4 c4 33. e5 fxe5
34. fxe5 Nxd1 35. Bxd1 Ra7 36. Rxa7 Bxa7 37. e6 Ke7 38. Bf3 Bc5 39. Bc6 c3 40.
Ke2 Kxe6 41. Bxb5 Kxf7 42. Bd3 1/2-1/2

[Event "Bundesliga 0102"]
[Site "Deutschland"]
[Date "2002.04.27"]
[Round "14.3"]
[White "Gdanski, Jacek"]
[Black "Pelletier, Yannick"]
[Result "1/2-1/2"]
[WhiteElo "2537"]
[BlackElo "2531"]
[PlyCount "150"]
[EventDate "2001.10.06"]
[EventType "team"]
[EventRounds "15"]
[EventCountry "GER"]
[SourceTitle "Bundesliga 0102"]
[Source "DeepChess"]
[SourceDate "2005.01.01"]
[SourceVersion "1"]
[SourceVersionDate "2005.01.01"]
[SourceQuality "1"]
[WhiteTeam "SK Koenig Plauen"]
[BlackTeam "SAbt SV Werder Bremen"]
[WhiteTeamCountry "GER"]
[BlackTeamCountry "GER"]

1. e4 c5 2. Nc3 d6 3. f4 Nc6 4. Nf3 g6 5. Bc4 Bg7 6. O-O Nf6 7. d3 O-O 8. Qe1
e6 9. f5 d5 10. e5 Nxe5 11. Nxe5 dxc4 12. fxg6 hxg6 13. dxc4 Qd4+ 14. Kh1 Nh5
15. Nd3 Qxc4 16. Be3 b6 17. Nf4 Ba6 18. Rf3 Nxf4 19. Rxf4 Bxc3 20. bxc3 Qe2 21.
Qc1 Rad8 22. Rf2 Qg4 23. h3 Qe4 24. Bh6 Rd5 25. Bxf8 Kxf8 26. Qh6+ Kg8 27. Kg1
Bc4 28. a4 Rf5 29. Rxf5 Qxf5 30. Qd2 Bd5 31. a5 Qe5 32. Rf1 bxa5 33. Qf4 Qxf4
34. Rxf4 c4 35. Kf2 f5 36. Rd4 Kf7 37. Rd1 Ke7 38. Ra1 Be4 39. Rxa5 Bxc2 40.
Rxa7+ Kf6 41. Rc7 Bd3 42. h4 f4 43. g3 fxg3+ 44. Kxg3 e5 45. Kf3 Kf5 46. Rf7+
Ke6 47. Rf8 Ke7 48. Ra8 Kf6 49. Ke3 Kf5 50. Rf8+ Kg4 51. Rh8 Kf5 52. Kf3 Kf6
53. Rc8 Ke7 54. Rc6 Kd7 55. Rb6 Bf5 56. Ra6 Bd3 57. Ke3 Ke7 58. Kd2 Kf7 59. Rd6
Ke7 60. Rb6 Kf7 61. Kc1 Ke7 62. Ra6 Kf7 63. Kd2 Ke7 64. Ke3 Kf7 65. Rd6 Ke7 66.
Rxd3 cxd3 67. Kxd3 Kd7 68. c4 Kc6 69. Ke3 Kc5 70. Kd3 Kc6 71. Ke4 Kd6 72. c5+
Ke6 73. c6 Kd6 74. c7 Kxc7 75. Kxe5 Kd7 1/2-1/2

[Event "Bundesliga 0102"]
[Site "Deutschland"]
[Date "2002.04.27"]
[Round "14.4"]
[White "Joachim, Sven"]
[Black "Boensch, Uwe"]
[Result "1-0"]
[WhiteElo "2443"]
[BlackElo "2542"]
[PlyCount "183"]
[EventDate "2001.10.06"]
[EventType "team"]
[EventRounds "15"]
[EventCountry "GER"]
[SourceTitle "Bundesliga 0102"]
[Source "DeepChess"]
[SourceDate "2005.01.01"]
[SourceVersion "1"]
[SourceVersionDate "2005.01.01"]
[SourceQuality "1"]
[WhiteTeam "SAbt SV Werder Bremen"]
[BlackTeam "SK Koenig Plauen"]
[WhiteTeamCountry "GER"]
[BlackTeamCountry "GER"]

1. e4 c5 2. Nf3 d6 3. d4 cxd4 4. Nxd4 Nf6 5. Nc3 e6 6. g4 h6 7. Be3 a6 8. Bg2
Nc6 9. h3 Ne5 10. Qe2 g5 11. f4 gxf4 12. Bxf4 Nfd7 13. O-O-O Ng6 14. Bg3 h5 15.
gxh5 Qg5+ 16. Kb1 Qxg3 17. hxg6 Qxg6 18. Nf5 Ne5 19. Nxd6+ Bxd6 20. Rxd6 Rg8
21. Bf1 Qg3 22. Rd1 Bd7 23. Qh2 Qxh2 24. Rxh2 Ke7 25. Bd3 Rh8 26. Rf1 Rh4 27.
Ne2 Rg8 28. Kc1 Bc6 29. Nf4 Rg3 30. Rhf2 Be8 31. Kd2 Ng6 32. Nxg6+ Rxg6 33. Rf3
Rg2+ 34. Ke3 Rh2 35. e5 R2xh3 36. Rxh3 Rxh3+ 37. Kd4 Rh4+ 38. Ke3 Bc6 39. Rf4
Rh1 40. Kd4 Re1 41. Rf1 Rxf1 42. Bxf1 a5 43. Kc5 f6 44. exf6+ Kxf6 45. a3 e5
46. b4 axb4 47. axb4 Kg5 48. c4 Bf3 49. Kb6 Kf4 50. c5 Ke3 51. Bh3 Kf2 52. Bc8
e4 53. Bxb7 e3 54. Ba6 Be2 55. Bxe2 Kxe2 56. c6 Kd1 57. c7 e2 58. c8=Q e1=Q 59.
b5 Qf2+ 60. Qc5 Qf6+ 61. Kb7 Qf7+ 62. Qc7 Qd5+ 63. Qc6 Qf7+ 64. Kc8 Ke1 65.
Qe4+ Kf1 66. b6 Qf8+ 67. Kd7 Qg7+ 68. Kc6 Qc3+ 69. Kb5 Qb2+ 70. Kc5 Qa3+ 71.
Qb4 Qe3+ 72. Qd4 Qe7+ 73. Kb5 Qe8+ 74. Ka5 Qe1+ 75. Ka6 Qe2+ 76. Ka7 Qa2+ 77.
Kb8 Qh2+ 78. Kc8 Qh3+ 79. Kd8 Qb3 80. Qf4+ Kg1 81. Qg5+ Kf1 82. Qf6+ Kg1 83.
Qg7+ Kf1 84. b7 Qd5+ 85. Ke8 Qc6+ 86. Kf8 Qd6+ 87. Kg8 Ke1 88. Qa1+ Ke2 89.
Qb2+ Ke1 90. b8=Q Qd5+ 91. Kf8 Qc5+ 92. Ke8 1-0

[Event "Bundesliga 0102"]
[Site "Deutschland"]
[Date "2002.04.27"]
[Round "14.5"]
[White "Kindermann, Stefan"]
[Black "Meins, Gerlef"]
[Result "1-0"]
[WhiteElo "2520"]
[BlackElo "2415"]
[PlyCount "123"]
[EventDate "2001.10.06"]
[EventType "team"]
[EventRounds "15"]
[EventCountry "GER"]
[SourceTitle "Bundesliga 0102"]
[Source "DeepChess"]
[SourceDate "2005.01.01"]
[SourceVersion "1"]
[SourceVersionDate "2005.01.01"]
[SourceQuality "1"]
[WhiteTeam "SK Koenig Plauen"]
[BlackTeam "SAbt SV Werder Bremen"]
[WhiteTeamCountry "GER"]
[BlackTeamCountry "GER"]

1. e4 c5 2. Nf3 Nc6 3. Bb5 g6 4. Bxc6 dxc6 5. d3 Bg7 6. h3 Nf6 7. Nc3 Nd7 8.
Be3 b6 9. Qd2 h6 10. O-O e5 11. Nh2 Nf8 12. f4 exf4 13. Rxf4 g5 14. Rf2 Ng6 15.
Raf1 Be6 16. Ng4 Qe7 17. Nf6+ Bxf6 18. Rxf6 Nf4 19. e5 Ng6 20. Ne4 O-O-O 21.
Nd6+ Rxd6 22. exd6 Qxd6 23. Qf2 Rh7 24. Qf3 Qd5 25. b3 Qxf3 26. R1xf3 Ne7 27.
c4 Kd7 28. Rf1 Ng8 29. R6f2 f5 30. g3 Ne7 31. Rd1 Ng6 32. d4 cxd4 33. Rxd4+ Kc7
34. c5 Ne5 35. Ra4 Kb7 36. cxb6 axb6 37. Bd4 Nd7 38. Re2 Bd5 39. Re8 c5 40. Bc3
Rf7 41. Raa8 h5 42. Rad8 Bc6 43. Rg8 g4 44. h4 f4 45. Rg7 Rxg7 46. Bxg7 fxg3
47. Rh8 c4 48. Rxh5 Nc5 49. Rg5 Bf3 50. Be5 g2 51. bxc4 Nd3 52. Kh2 Nc1 53. Bd4
Ne2 54. Be3 g3+ 55. Kh3 Be4 56. h5 g1=Q 57. Bxg1 Nxg1+ 58. Kxg3 Ne2+ 59. Kf2
Nc3 60. Ke3 Bb1 61. Rg1 Bf5 62. Rf1 1-0

[Event "Bundesliga 0102"]
[Site "Deutschland"]
[Date "2002.04.27"]
[Round "14.6"]
[White "Levin, Felix"]
[Black "Espig, Lutz"]
[Result "1-0"]
[WhiteElo "2541"]
[BlackElo "2421"]
[PlyCount "79"]
[EventDate "2001.10.06"]
[EventType "team"]
[EventRounds "15"]
[EventCountry "GER"]
[SourceTitle "Bundesliga 0102"]
[Source "DeepChess"]
[SourceDate "2005.01.01"]
[SourceVersion "1"]
[SourceVersionDate "2005.01.01"]
[SourceQuality "1"]
[WhiteTeam "SAbt SV Werder Bremen"]
[BlackTeam "SK Koenig Plauen"]
[WhiteTeamCountry "GER"]
[BlackTeamCountry "GER"]

1. d4 d5 2. c4 e6 3. Nf3 c5 4. cxd5 exd5 5. g3 Nc6 6. Bg2 Nf6 7. O-O Be7 8. Nc3
O-O 9. b3 Ne4 10. Bb2 Bf6 11. Na4 b6 12. Rc1 Re8 13. dxc5 Bxb2 14. Nxb2 bxc5
15. Nd2 Ba6 16. Nxe4 dxe4 17. Rxc5 Qf6 18. Nc4 Rad8 19. Qc1 Nd4 20. Re1 h6 21.
Bf1 Rc8 22. Ne3 Qd6 23. Rxc8 Rxc8 24. Qb2 Qf6 25. Qd2 Rd8 26. Qa5 Qb6 27. Qxb6
axb6 28. Rd1 Bxe2 29. Rxd4 Rxd4 30. Bxe2 Rd2 31. Bc4 Rxa2 32. Nd5 Kf8 33. Nxb6
Ke7 34. g4 g6 35. Nd5+ Kd6 36. Ne3 f6 37. Bf7 h5 38. Bxg6 hxg4 39. Bxe4 Ke5 40.
Bf5 1-0

[Event "Bundesliga 0102"]
[Site "Deutschland"]
[Date "2002.04.27"]
[Round "14.7"]
[White "Kuraszkiewicz, Michael"]
[Black "Heissler, Jakob"]
[Result "0-1"]
[WhiteElo "2350"]
[BlackElo "2437"]
[PlyCount "78"]
[EventDate "2001.10.06"]
[EventType "team"]
[EventRounds "15"]
[EventCountry "GER"]
[SourceTitle "Bundesliga 0102"]
[Source "DeepChess"]
[SourceDate "2005.01.01"]
[SourceVersion "1"]
[SourceVersionDate "2005.01.01"]
[SourceQuality "1"]
[WhiteTeam "SK Koenig Plauen"]
[BlackTeam "SAbt SV Werder Bremen"]
[WhiteTeamCountry "GER"]
[BlackTeamCountry "GER"]

1. d4 Nf6 2. c4 d6 3. Nc3 g6 4. e4 Bg7 5. f3 O-O 6. Bg5 c5 7. d5 e6 8. Qd2 exd5
9. cxd5 a6 10. a4 h6 11. Be3 Re8 12. Nge2 Nbd7 13. Ng3 h5 14. Be2 Nh7 15. O-O
h4 16. Nh1 f5 17. Nf2 Ne5 18. Rfe1 b6 19. Kh1 Ra7 20. Rab1 Rf7 21. f4 Ng4 22.
Nxg4 fxg4 23. Bd3 Rfe7 24. a5 b5 25. e5 Bf5 26. e6 Qa8 27. Rbd1 b4 28. Bxf5
bxc3 29. bxc3 gxf5 30. Qd3 h3 31. Re2 Nf6 32. c4 hxg2+ 33. Rxg2 Ne4 34. Re1 Bf6
35. Bg1 Rg7 36. Rxe4 fxe4 37. Qxe4 Qd8 38. Be3 Qxa5 39. f5 Qe1+ 0-1

[Event "Bundesliga 0102"]
[Site "Deutschland"]
[Date "2002.04.27"]
[Round "14.8"]
[White "Meyer, Claus Dieter"]
[Black "Haskamp, Stephan"]
[Result "0-1"]
[WhiteElo "2319"]
[BlackElo "2310"]
[PlyCount "86"]
[EventDate "2001.10.06"]
[EventType "team"]
[EventRounds "15"]
[EventCountry "GER"]
[SourceTitle "Bundesliga 0102"]
[Source "DeepChess"]
[SourceDate "2005.01.01"]
[SourceVersion "1"]
[SourceVersionDate "2005.01.01"]
[SourceQuality "1"]
[WhiteTeam "SAbt SV Werder Bremen"]
[BlackTeam "SK Koenig Plauen"]
[WhiteTeamCountry "GER"]
[BlackTeamCountry "GER"]

1. e4 g6 2. d4 Bg7 3. Nc3 d6 4. Bc4 e6 5. Nf3 Ne7 6. Bg5 h6 7. Bh4 a6 8. a4 b6
9. O-O Bb7 10. Qd2 Nd7 11. Rad1 O-O 12. Rfe1 Kh7 13. Qe2 Qe8 14. h3 Nf6 15. Bd3
Nh5 16. Qd2 Nf6 17. Bg3 Nd7 18. Qe2 Qb8 19. e5 Bxf3 20. Qxf3 d5 21. Ne2 c5 22.
c3 c4 23. Bc2 b5 24. axb5 axb5 25. Bb1 b4 26. Nf4 Kg8 27. Qg4 Nf5 28. Bxf5 gxf5
29. Qf3 Ra2 30. Rb1 Qb7 31. Nh5 Rb8 32. Bh4 Nf8 33. Bf6 Bxf6 34. exf6 bxc3 35.
bxc3 Qxb1 36. Rxb1 Rxb1+ 37. Kh2 Rbb2 38. Qf4 Rxf2 39. Qxh6 Rxg2+ 40. Kh1 Rg6
41. Qe3 Nh7 42. Qe5 Ng5 43. Nf4 Rh2+ 0-1

[Event "Bundesliga 0102"]
[Site "Deutschland"]
[Date "2002.04.27"]
[Round "14.1"]
[White "Aronian, Levon"]
[Black "Nikolic, Predrag"]
[Result "1/2-1/2"]
[WhiteElo "2562"]
[BlackElo "2652"]
[PlyCount "39"]
[EventDate "2001.10.06"]
[EventType "team"]
[EventRounds "15"]
[EventCountry "GER"]
[SourceTitle "Bundesliga 0102"]
[Source "DeepChess"]
[SourceDate "2005.01.01"]
[SourceVersion "1"]
[SourceVersionDate "2005.01.01"]
[SourceQuality "1"]
[WhiteTeam "SV Wattenscheid 1930"]
[BlackTeam "SG 1868 Aljech. Solingen"]
[WhiteTeamCountry "GER"]
[BlackTeamCountry "GER"]

1. e4 d6 2. d4 Nf6 3. Bd3 e5 4. c3 Be7 5. Nf3 Nbd7 6. O-O O-O 7. Re1 c6 8. Nbd2
Re8 9. Bc2 Qc7 10. Bb3 h6 11. Nf1 Nf8 12. dxe5 dxe5 13. Nh4 Bg4 14. Qd3 Qd7 15.
Qc2 Rad8 16. h3 Be6 17. Be3 b6 18. Ng3 c5 19. Nhf5 Qc6 20. Bxe6 1/2-1/2